| 000 | 00450nam a22001697a 4500 | ||
|---|---|---|---|
| 003 | OSt | ||
| 005 | 20211209095750.0 | ||
| 008 | 211209b |||||||| |||| 00| 0 eng d | ||
| 020 | _a9789970252343 | ||
| 040 | _chu | ||
| 082 | _a331,13309 | ||
| 100 |
_aprah mansah _922325 |
||
| 245 | _alnsights into gender equity, equality and power relations in sub- sahaean africa | ||
| 260 |
_aaddis ababa _bhall _c2013 |
||
| 300 | _a380 | ||
| 942 |
_2ddc _cBOOKS _n0 |
||
| 999 |
_c21994 _d21994 |
||